| 000 | 00668nam a2200205 a 4500 | ||
|---|---|---|---|
| 005 | 20241116063717.0 | ||
| 008 | 991125s1974 bar 000 0 spa u | ||
| 020 | _a8472224791 | ||
| 035 | _aUPN01000013536 | ||
| 049 | _aCG | ||
| 050 | 4 |
_aHX156 _bD4.2 |
|
| 245 | 0 | 3 |
_aEl debate cubano : _bsobre el funcionamiento de la ley del valor en el socialismo / _cErnesto "Che" Guevara... [et al.]. |
| 260 |
_aBarcelona (Esp.) : _bLaia, _c1974. |
||
| 300 | _a357 p. | ||
| 440 | 0 |
_aPapel 451 ; _v31. Economía política |
|
| 650 | 4 |
_aCOMUNISMO - _zCUBA _910266 |
|
| 650 | 4 |
_aComunismo y sociedad _910301 |
|
| 700 | 1 |
_aGuevara, Ernesto, _d1928-1967 _ecoaut. _98161 |
|
| 905 | _aLibro | ||
| 999 |
_c13536 _d13536 |
||